| 000 | 00527nam a2200217Ia 4500 | ||
|---|---|---|---|
| 008 | 181129s9999 xx 000 0 und d | ||
| 020 | _a9780590464642 | ||
| 050 | _bE532 1990 | ||
| 100 | _aEmberley, Rebecca | ||
| 245 | 0 | _aTaking a walk = caminando / | |
| 245 | 0 | _cby Rebecca Emberley. | |
| 260 | _aNew York, NY : | ||
| 260 | _bScholastic, | ||
| 260 | _c1990 | ||
| 300 | _aunpaged : | ||
| 300 | _bcolor illustrations ; | ||
| 300 | _c23cm. | ||
| 500 | _aBR | ||
| 650 | _aPicture dictionaries. | ||
| 700 | _aTitle. | ||
| 999 |
_c359949 _d359949 |
||